| 000 | 00932nam a2200217Ia 4500 | ||
|---|---|---|---|
| 999 |
_c32599 _d32599 |
||
| 003 | OSt | ||
| 005 | 20210531201221.0 | ||
| 008 | 160316s2013 xxu||||| |||| 00| 0 eng d | ||
| 020 | _a9780415609852 | ||
| 040 | _cn | ||
| 082 |
_a341.500000 _bGRI |
||
| 100 | _aGrimal Francis | ||
| 245 | _aThreats of force : International law and strategy | ||
| 260 |
_aLondon _bRoutledge _c2013 |
||
| 300 |
_a216p _cxix |
||
| 365 | _b Rs. 7,456 | ||
| 505 | _aTable of contents Introduction; 1. Historical Analysis; 2. International Instruments Post-Charter; 3. Judicial Interpretation; 4. UN Practice; 5. Threat Theory; 6. Iran and North Korea; 7. An Alternative Means of Prohibiting Threats of Force within Article 2(4); 8. Conclusion | ||
| 650 | _a1. United Nations Charter2. Ultimatums - International Relations3. Aggression - International Law4. Pacific Settlement Of International Disputes | ||
| 700 |
_a _a |
||
| 942 |
_2ddc _cBK |
||